Most Watched TV Series Per Year, 1960's - Statistics

General Stats
  • This quiz has been taken 43 times
  • The average score is 6 of 10
Answer Stats
Season Program Network Rating % Correct
1964-1965 Bonanza NBC 36.3
75%
1965-1966 Bonanza NBC 31.8
75%
1966-1967 Bonanza NBC 29.1
75%
1959–1960 Gunsmoke CBS 40.3
72%
1960–1961 Gunsmoke CBS 37.3
72%
1968-1969 Rowan & Martin's Laugh-In NBC 31.8
50%
1962-1963 The Beverly Hillbillies CBS 36.0
50%
1963-1964 The Beverly Hillbillies CBS 39.1
50%
1967-1968 The Andy Griffith Show CBS 27.6
47%
1961-1962 Wagon Train NBC 32.1
19%
No matching quizzes found
Score Distribution
Percent of People with Each Score
Percentile by Number Answered
Your Score History
You have not taken this quiz